home page   АИС "Историко-культурное наследие Беларуси"
  Базовый | Расширенный | Профессиональный | Словарь персоналий | Тематический словарь | По видам объектов История запросов  Заказы    Регистрация

Запись в MARC-формате

копировать MARC-запись

=LDR  00000nx\\c2200277\\\45\\
=001  BY-NLB-ar4862494
=005  20160330095635.3
=100  \\$a20120201arusy50\\\\\\ca0
=152  \\$apsbo
=160  \\$ae-bw
=215  \\$aТроицкий костел (Видзы, городской поселок; Браславский район)
=300  1\$aПамятник архитектуры неоготики. Построен в 1909–1914 гг. по проекту архитектора В. Михневича (альтернативный проект разработал Л. Витан-Дубейковский). Костел поврежден в 1915 г. В 1920-е гг. восстановлен. С 1936 г. закрыт. Во время Великой Отечественной войны сожжен фашистами вместе с деревней. Позже восстановлен. В 1948 г. закрыт. В 1989 г. передан верующим.
=356  \\$aНаходится в центре поселка Видзы Браславского района Витебской области.
=415  \\$aВидзовский Троицкий костел
=415  \\$aКостел Пресвятой Троицы (Видзы, городской поселок; Браславский район)
=415  \\$aКостел Рождества Девы Марии (Видзы, городской поселок; Браславский район)
=415  \\$aКостел Рождества Наисвятейшей Девы Марии (Видзы, городской поселок; Браславский район)
=801  \0$aBY$bBY-HM0000$c20120201
=810  \\$aРеспублика Беларусь : энциклопедия. [В 7 т.]. Т. 2. — Минск, 2006.
=810  \\$aКаталіцкія храмы на Беларусі : энцыклапедычны даведнік / А. М. Кулагін. — Мінск, 2000.
=810  \\$aКаталіцкія храмы Беларусі / А. М. Кулагін. — Мінск, 2008.
=856  4\$uhttp://globus.tut.by/vidzy/index.htm#mlyn$zСайт "Глобус Беларуси".
=856  4\$uhttp://www.catholic.by/2/belarus/dioceses/grodnensis/100976.html$zИнтернет-портал католического костела в Беларуси "Catholic.by".
=999  \\$f1848 NLB-NDARD$t20120201
=999  \\$h40 NLB-NDARD$t20120214

Чтобы вернуться назад, щелкните кнопку BACK на Вашем браузере